000 00321nam a2200133Ia 4500
005 20251222143224.0
008 251222s9999||||xx |||||||||||||| ||spa||
020 _a8476308043
082 _a700/A65
245 0 _aHistoria Ilustrada de las Antigüedades:
250 _a1ra.ed.
264 _bEditorial Libsa
942 _cLIB
999 _c13916
_d13916